• 首页
  • 本馆介绍
  • 公告通知
  • 最新文献
  • 馆藏检索
  • 电子资源
  • 读者荐购
  • 参考咨询
  • CALIS
  • 我的图书馆
  • 登录
  • 详细信息显示
  • 放入我的书架
  • 预约/预借图书
  • 作者相关作品
  • 分类相关作品
  • 丛书相关作品
  • 出版社相关作品

书目信息

  • 表格格式
  • 工作单格式
  • 卡片格式
题名:
有机化学实验
    
 
作者: 林玉萍 , 万屏南 主编
分册:  
出版信息: 武汉   华中科技大学出版社  2020.01
页数: 206页
开本: 28cm
丛书名: 全国高等院校药学类创新型系列“十三五”规划教材
单 册:
中图分类: O62-33
科图分类:
主题词: 有机化学--you ji hua xue--化学实验--高等学校--教材
电子资源:
ISBN: 978-7-5680-5835-3
 
 
 
 
 
000 01360nam 2200277 450
001 2063811662
005 20201105174341.47
010    @a978-7-5680-5835-3@dCNY39.90
100    @a20200423d2020 em y0chiy50 ea
101 0  @achi
102    @aCN@b420000
105    @aa a 000yy
200 1  @a有机化学实验@Ayou ji hua xue shi yan@f主编林玉萍, 万屏南
210    @a武汉@c华中科技大学出版社@d2020.01
215    @a206页@c图@d28cm
225 2  @a全国高等院校药学类创新型系列“十三五”规划教材@Aquan guo gao deng yuan xiao yao xue lei chuang xin xing xi lie “ shi san wu ” gui hua jiao cai
320    @a有书目 (第206页)
330    @a本书主要由五个部分组成: 第一部分有机化学实验的基础知识与实验技术 ; 第二部分基本操作训练 ; 第三部分有机化合物制备实验 ; 第四部分天然有机化合物提取实验 ; 第五部分有机化合物性质实验及综合性鉴别实验。除此之外, 教材最后列有附录, 包括常见试剂配制方法, 常见有机溶剂的物理常数, 常见酸碱溶液的相对密度、含量和浓度, 常见有机化合物的危险特性等。
333    @a供医药、药物制剂、临床药学、制药工程、中药学、医药营销及相关专业使用
410  0 @12001 @a全国高等院校药学类创新型系列“十三五”规划教材
606 0  @a有机化学@Ayou ji hua xue@x化学实验@x高等学校@j教材
690    @aO62-33@v5
701  0 @a林玉萍@Alin yu ping@4主编
701  0 @a万屏南@Awan ping nan@4主编
801  0 @aCN@b人天书店@c20201001
905    @aZUCC@dO62-33@eL524
    
    有机化学实验/主编林玉萍, 万屏南.-武汉:华中科技大学出版社,2020.01
    206页:图;28cm.-(全国高等院校药学类创新型系列“十三五”规划教材)
    使用对象:供医药、药物制剂、临床药学、制药工程、中药学、医药营销及相关专业使用
    
    ISBN 978-7-5680-5835-3:CNY39.90
    本书主要由五个部分组成: 第一部分有机化学实验的基础知识与实验技术 ; 第二部分基本操作训练 ; 第三部分有机化合物制备实验 ; 第四部分天然有机化合物提取实验 ; 第五部分有机化合物性质实验及综合性鉴别实验。除此之外, 教材最后列有附录, 包括常见试剂配制方法, 常见有机溶剂的物理常数, 常见酸碱溶液的相对密度、含量和浓度, 常见有机化合物的危险特性等。
●
相关链接 在E读中查询图书 在当当中查询图书 在豆瓣中查询图书


正题名:有机化学实验     索取号:O62-33/L524         预约/预借

序号 登录号 条形码 馆藏地/架位号 状态 备注
1 1480263   214802631   自科库401/401自科库 63排1列1层/ [索取号:O62-33/L524] 在馆    
2 1480264   214802640   自科库401/401自科库 63排1列1层/ [索取号:O62-33/L524] 在馆    
河南城建学院图书馆 欢迎您!
大连网信软件有限公司© 版权所有